Central Library and Information Centre
Sibsagar Girls' College, Sivasagar : Assam

INDIA: A REGIONAL GEOGRAPHY (Record no. 7624)

MARC details
000 -LEADER
fixed length control field 00366cam a2200157ua 4500
008 - FIXED-LENGTH DATA ELEMENTS--GENERAL INFORMATION
fixed length control field 120731n1995 II |||gr||||Z||||||eng
040 ## - CATALOGING SOURCE
Original cataloging agency MAIN
041 ## - LANGUAGE CODE
-- English
082 ## - DEWEY DECIMAL CLASSIFICATION NUMBER
Classification number 910.54 SIN
100 ## - MAIN ENTRY--PERSONAL NAME
Personal name SINGH, R. L.
245 ## - TITLE STATEMENT
Title INDIA: A REGIONAL GEOGRAPHY
260 ## - PUBLICATION, DISTRIBUTION, ETC.
Place of publication, distribution, etc. NEW DELHI
Name of publisher, distributor, etc. NATIONAL BOOK TRUST
Date of publication, distribution, etc. 1995
300 ## - PHYSICAL DESCRIPTION
Extent 992:
Dimensions 25CM.
942 ## - ADDED ENTRY ELEMENTS (KOHA)
Koha item type Books
Holdings
Withdrawn status Lost status Damaged status Not for loan Collection code Home library Current library Shelving location Date acquired Full call number Barcode Date last seen Copy number Price effective from Koha item type Public note
        TBGEO Central Library and Information Centre Sibsagar Girls College Central Library and Information Centre Sibsagar Girls College GEOGRAPHY BOOK RACK 05.02.1997 910.54 SIN 14978 27.02.2020 1 27.02.2020 Books V


Sibsagar Girl's College © 2020. All rights reserved.
Powered by Koha.
Maintained by Abhijit Borpuzari.